000
00325nam a22001457a 4500
003
OSt
008
251104b |||||||| |||| 00| 0 eng d
020
_a
9780857505347
082
_a
813.52 YAW
100
_a
YAMBAO,Samantha Sotto
245
_a
Water Moon
260
_a
UK
_b
Penguin
_c
2025
300
_a
374
942
_2
ddc
_c
REF
999
_c
13758
_d
13758